Vocabulaire anglais=>francais des affaire DCG 12 - Statistiques

Statistiques générales
  • Ce quiz a été pris 114 fois
    111 depuis la dernière actualisation
  • Le résultat moyen est 13 sur 133
Statistiques - réponses
Mot en anglais Traduction % Correct
Company Entreprise
87%
To share Partager
75%
To test Tester
73%
public company societe anonyme
49%
Customer/client Client
48%
Advertisement Publicité
48%
Employee Employé
45%
Brand image Image de marque
42%
departement service
39%
To deliver Livrer
36%
goods biens
31%
Delivery Livraison
31%
a board of directors un conseil d'administration
31%
to buy | to purchase acheter
28%
Fiable Fiable
27%
After-sales service Service après vente
27%
owner proprietaire
27%
donation don
24%
to sell vendre
24%
Partner partenaire
21%
to negociate negocier
18%
to produce produire
18%
Dealer Vendeur
18%
shareholder actionnaire
16%
the primary sector le secteur primaire
16%
the secondary sector le secteur secondaire
16%
Sample Échantillon
15%
Advertiser Publicitaire
15%
the tertiary sector le secteur tertiaire
15%
asset actif / atout
12%
to order commander
12%
Delivery time Délai de livraison
12%
Corporate culture Culture d’entreprise
10%
an order une commande
10%
To advertise Faire de la publicité
9%
interest interet
9%
layer / level niveau
9%
to own posseder
9%
a factory / a plant une usine
9%
To grant a loan Accorder un prêt
7%
costs couts
7%
a state owned company entreprise publique d'etat
7%
supplier fournisseur
7%
stores/ shops/ outlets point de vente
7%
a share une part
7%
a loan un pret
7%
a product un produit
7%
bureaucracy bureaucratie
6%
Labour market Marche du travail
6%
liability passif/dettes/responsabilite
6%
producer producteur
6%
a purchase un achat
6%
director of finance directeur financier
4%
vertical hierarchy hierarchie verticale
4%
a network un reseau
4%
revenues / sales ventes / CA
4%
profits benefices
3%
to save economiser
3%
to borrow emprunter
3%
a non profit company entreprise a but non lucratif
3%
Agency / branch Succursale
3%
the stock exchange / stock market la bourse
3%
to lend preter
3%
finished products produits finis
3%
To buy in bulk Acheter en gros
1%
Delivery terms Conditions de livraison
1%
Bank manager Directeur de la banque
1%
to head a company diriger une entreprise
1%
to warehouse entreposer
1%
to be wealthy etre riche
1%
To dispatch Expedier
1%
to fail faire faillite
1%
to donate faire un don
1%
To build up customer loyalty Fideliser la clientèle
1%
crowdfunding financement participatif
1%
to back / to finance / to fund financer
1%
to supply fournir
1%
Goods Marchandises
1%
market share part de marche
1%
bank loan pret bancaire
1%
Delivery délais Retard de livraison
1%
wealth richesse
1%
headquarters /head office siege social
1%
interest rate taux d'interet
1%
empowerment autonomisation
0%
Grassroots/rank and file Base
0%
Bargain Bonne affaire
0%
venture capital ( VC) capital risque
0%
Prospective customer client potentiel
0%
Industrial dispute Conflit social
0%
Industrial tribunal Conseil prud’homme
0%
to incorporate / incorporation constitution d'entreprise / creation des statuts
0%
Consumer Consumer
0%
share price cour de l'action
0%
savings des economies
0%
retailer detaillant
0%
to be listed / quoted on the stock market etre cote en bourse
0%
to manufacture fabriquer
0%
To make a loan Faire une réclamation
0%
Merchant/investment bank banque d'affaire
0%
a for profit company Entreprise a but lucratif
0%
Middleman intermedaire
0%
Advertising Publicite secteur
0%
collateral / a guarantee garantie
0%
to run / to manage a buisness gerer une entreprise
0%
wholesaler grossiste
0%
flat hierarchy hierarchie plate
0%
buisness angels investisseur providentiel
0%
the supply chain la chaine d'approvisionnement
0%
To launch a campaign Lancer une campagne
0%
to launch a buisness | to set up / found a company lancer une entreprise
0%
the. sharing economy l'economie du partage
0%
lean maigre / degraisse
0%
raw materials matieres premieres
0%
Quality standart norme de qualite
0%
philanthropy philanthopie
0%
decision-makers preneurs de decisions
0%
chairperson president de CA
0%
lenders preteurs
0%
just in time production production a flux tendus
0%
bulk quantities quantites en gros
0%
restructuring / downsizing reduction d'effectif
0%
streamlining restructuration
0%
to source se procurer
0%
cash flow tresorie
0%
subsidiary / an affiliate une filiale
0%
a warehouse un entrepot
0%
publicly listed company une societe cotee en bourse
0%
a parent compant une societe mere
0%
a manufacturer un fabricant
0%
an organisation chart un organigrameme
0%
Aucun quiz correspondant
Distribution des résultats
% des personnes avec chaque résultat
Percentile par nombre de réponses
Votre historique - résultats
Vous n’avez pas pris ce quiz depuis la dernière actualisation